| 000 | 00451nam a2200157 i 4500 | ||
|---|---|---|---|
| 001 | 22981 | ||
| 003 | ES-MaACL | ||
| 005 | 20230906152806.0 | ||
| 007 | t| | ||
| 008 | 021205s1959 sp ||||1| spa d | ||
| 100 | 1 |
_aAlsina Grau, Luis. _920490 |
|
| 245 | 1 | 0 |
_aHorticultura especial / _cLuis Alsina Grau. |
| 260 |
_aBarcelona : _bSintes, _c1959 ( _fFernando Soler Queralt) |
||
| 300 |
_a2 v. : _bil. ; _c18 cm. |
||
| 852 |
_aES-MaACL _jC-16823-4 _bR.45433 |
||
| 999 |
_c22981 _d22981 |
||